Sociology and social anthropology in india / (Record no. 39046)

MARC details
000 -LEADER
fixed length control field 00849nam a22002537a 4500
005 - DATE AND TIME OF LATEST TRANSACTION
control field 20100803151120.0
010 ## - LCCN (DPL NO)
LC control number ENG-97995
020 ## - INTERNATIONAL STANDARD BOOK NUMBER
International Standard Book Number 9788131720349
Terms of availability 1200.00
035 ## - SYSTEM CONTROL NUMBER
System control number EN-81528
037 ## - SOURCE OF ACQUISITION
Source of stock number/acquisition DBAD/PUB
082 ## - DEWEY DECIMAL CLASSIFICATION NUMBER
Classification number 301.0954
245 ## - TITLE STATEMENT
Title Sociology and social anthropology in india /
Statement of responsibility, etc edited by Yogesh Atal
260 ## - PUBLICATION, DISTRIBUTION, ETC. (IMPRINT)
Place of publication, distribution, etc New Delhi
Name of publisher, distributor, etc Pearson
Date of publication, distribution, etc 2009
270 ## - ADDRESS
Address 14 Local Shopping Center, Panchsheel Park,
City New Delhi
Postal code 110 017
300 ## - PHYSICAL DESCRIPTION
Extent viii, 609p.
Dimensions 23cm (pbk)
500 ## - GENERAL NOTE
General note Includes index
650 ## - SUBJECT ADDED ENTRY--TOPICAL TERM
Topical term or geographic name as entry element Etnology
650 ## - SUBJECT ADDED ENTRY--TOPICAL TERM
Topical term or geographic name as entry element India
650 ## - SUBJECT ADDED ENTRY--TOPICAL TERM
Topical term or geographic name as entry element Sociology
700 ## - ADDED ENTRY--PERSONAL NAME
Personal name Atal, Yogesh
9 (RLIN) 5402
700 ## - ADDED ENTRY--PERSONAL NAME
9 (RLIN) 5403
942 ## - ADDED ENTRY ELEMENTS (KOHA)
Source of classification or shelving scheme Dewey Decimal Classification
Item type English Books
Classification part 301.0954
Call number suffix SOC
Holdings
Withdrawn status Lost status Not for loan Collection code Home library Current library Date acquired Source of acquisition Cost, normal purchase price Full call number Barcode Copy number Cost, replacement price Koha item type
    Not For Loan Non-fiction D.B.Act.Division D.B.Act.Division 03/08/2010 DBAD/PUB 1200.00 301.0954 SOC EN-81528 1 1200.00 English Books

© Delhi Public Library
Hit Counter
free hit counter